000 00491nam a22001577a 4500
003 OSt
005 20241018121131.0
008 241018b |||||||| |||| 00| 0 eng d
040 _cMacl
082 _a001
100 _aप्रेरित सर
_982500
245 _aसंकल्‍प SSC-GD काॅन्‍टेबल 2025
260 _aनई दिल्‍ली
_bअरिहंत
_c2024
650 _aसामान्‍य ज्ञान
_9328
942 _2ddc
_cC. BOOKS
999 _c67016
_d67016